Guess the Valorant Agent - Cryptic - Statistics

General Stats
  • This quiz has been taken 517 times
  • The average score is 17 of 24
Answer Stats
Hint Answer % Correct
"We don't need a controller, I got smokes!" Jett
89%
Kilojoules Killjoy
88%
they/them Clove
86%
good luck doging his flash Phoenix
86%
The stuff of nightmares Fade
84%
Beep boop. KAY/O
84%
"BLOINDED" Skye
82%
Lizard Gekko
79%
Pearl ______ Harbor
79%
No, it's not ice. Sage
79%
hisssssssss Viper
76%
2022 Chamber
75%
Octopus Omen
73%
Legolas Sova
73%
bald boi Cypher
72%
"Abilities don't Kill" Raze
70%
This agent sucks. Reyna
64%
Zeri Neon
63%
Fire and _________ Brimstone
62%
Meatballs Breach
60%
TMV Yoru
59%
Valve game Deadlock
55%
Bren was right Iso
54%
Valorant Podcast Astra
53%
No matching quizzes found
Score Distribution
Percent of People with Each Score
Percentile by Number Answered
Your Score History
You have not taken this quiz